La inteligencia asertiva : (Registro nro. 11465)
[ vista simple ]
| 000 -LIDER | |
|---|---|
| fixed length control field | 00880nam a22002777a 4500 |
| 001 - NÚMERO DE CONTROL | |
| Identificador de número de control | 000514 |
| 003 - IDENTIFICACDOR DE NÚMERO DE CONTROL | |
| control field | DO-SdBNP |
| 005 - DATE AND TIME OF LATEST TRANSACTION | |
| control field | 20230523122445.0 |
| 007 - CAMPOS FIJOS DE DESCRIPCIÓN FÍSICA | |
| fixed length control field | 000514 |
| 008 - ELEMENTOS DE LONGITUD FIJA | |
| fixed length control field | 160920b 2009 cl ||||| |||| 00| 0 spa d |
| 020 ## - ISBN | |
| International Standard Book Number | 9789562395977 |
| 040 ## - FUENTE DE CATALOGACIÓN | |
| Agencia que crea de manera original el registro | BPMSU |
| Idioma de catalogación | spa |
| Agencia que realiza la transcripción | BPMSU |
| 082 #4 - NÚMERO DE CLASIFICACIÓN DECIMAL DE DEWEY | |
| Classification number | 158.2 |
| Item number | P723i 2009 |
| Edition number | 22 |
| 100 1# - ASIENTO PRINCIPAL -- NOMBRE PERSONAL | |
| Nombre personal | Plaza, Javiera de la |
| 245 13 - MENCIÓN DE TITULO | |
| Título | La inteligencia asertiva : |
| Subtítulo | en la empresa y el trabajo / |
| Mención de responsabilidad | Javiera de la Plaza. |
| 250 ## - MENCIÓN DE EDICION | |
| Mención de edición | 2a. ed |
| 260 ## - PUBLICACIÓN, DISTRIBUCIÓN, ETC. (PIE DE IMPRENTA) | |
| Lugar de publicación, distribución, etc | Santiago de Chile : |
| Nombre del editor, distribuidor, etc. | Aguilar, |
| Fecha de publicación, distribución, etc | 2009. |
| 300 ## - DESCRIPCIÓN FÍSICA | |
| Extensión | 216 p. ; |
| Dimensiones | 24 cm. |
| 500 ## - NOTA GENERAL | |
| Nota general | Incluye datos biográficos de la autora en la solapa de la cubierta.<br/><br/> |
| 590 ## - NOTA LOCAL | |
| Enlace | Inventariado, 2023/VM |
| 650 #4 - ENCABEZAMIENTO DE MATERIA--TEMÁTICO | |
| Término temático o nombre geográfico como elemento de entrada | Asertividad (Psicología) |
| 650 #4 - ENCABEZAMIENTO DE MATERIA--TEMÁTICO | |
| Término temático o nombre geográfico como elemento de entrada | Actitud (Psicología ) |
| 650 #4 - ENCABEZAMIENTO DE MATERIA--TEMÁTICO | |
| Término temático o nombre geográfico como elemento de entrada | Iintelegencia emocional |
| 910 ## - VALIDACIÓN | |
| Validación | LOPEREZ/ VMateo V. Control de calidad. |
| 942 ## - ADDED ENTRY ELEMENTS (KOHA) | |
| Source of classification or shelving scheme | Dewey Decimal Classification |
| Koha item type | Libros |
| Withdrawn status | Lost status | Source of classification or shelving scheme | Damaged status | Not for loan | Collection code | Home library | Current library | Date acquired | Source of acquisition | Full call number | Barcode | Date last seen | Price effective from | Koha item type | Copy number | Total Checkouts |
|---|---|---|---|---|---|---|---|---|---|---|---|---|---|---|---|---|
| Dewey Decimal Classification | Colección General | Biblioteca Pública Metropolitana Salomé Ureña | Biblioteca Pública Metropolitana Salomé Ureña | 09/20/2016 | Alfaguara | BPMSU CG 158.2 P723i 2009 | BPMSU16090433 | 09/20/2016 | 09/20/2016 | Libros | ||||||
| Dewey Decimal Classification | Colección General | Biblioteca Pública Metropolitana Salomé Ureña | Biblioteca Pública Metropolitana Salomé Ureña | 09/20/2016 | Alfaguara | BPMSU CG 158.2 P723i 2009 | BPMSU16090434 | 09/20/2016 | 09/20/2016 | Libros | e.2 | |||||
| Dewey Decimal Classification | Colección General | Biblioteca Pública Metropolitana Salomé Ureña | Biblioteca Pública Metropolitana Salomé Ureña | 09/20/2016 | Alfaguara | BPMSU CG 158.2 P723i 2009 | BPMSU23050012 | 05/23/2023 | 09/20/2016 | Libros | e.3 |